Is the door closing on first time buyers? (Record no. 63596)
[ view plain ]
| 000 -LEADER | |
|---|---|
| fixed length control field | 00763cam a2200193 4500 |
| 001 - CONTROL NUMBER | |
| control field | WB3621-04 |
| 008 - FIXED-LENGTH DATA ELEMENTS--GENERAL INFORMATION | |
| fixed length control field | 000000n2000 000 0 eng u |
| 035 ## - SYSTEM CONTROL NUMBER | |
| System control number | (Sirsi) u106157 |
| 245 ## - TITLE STATEMENT | |
| Title | Is the door closing on first time buyers? |
| 260 ## - PUBLICATION, DISTRIBUTION, ETC. | |
| Date of publication, distribution, etc. | 2000 |
| 490 ## - SERIES STATEMENT | |
| Series statement | Sunday Telegraph |
| Volume/sequential designation | 28 May 2000 17 (1) |
| 520 ## - SUMMARY, ETC. | |
| Summary, etc. | First time house buyers are struggling to afford even modest properties in London. The budgets of many are stretched by prices which according to a Halifax survey are 76% above the rest of the country. Some young people are becoming so cautious that they do not consider entering the market. |
| 590 ## - LOCAL NOTE (RLIN) | |
| Local note | WB |
| 650 ## - SUBJECT ADDED ENTRY--TOPICAL TERM | |
| Topical term or geographic name entry element | FIRST-TIME BUYERS |
| 650 ## - SUBJECT ADDED ENTRY--TOPICAL TERM | |
| Topical term or geographic name entry element | HOUSES PRICES |
| 650 ## - SUBJECT ADDED ENTRY--TOPICAL TERM | |
| Topical term or geographic name entry element | HOUSING STATISTICS |
| 690 ## - LOCAL SUBJECT ADDED ENTRY--TOPICAL TERM (OCLC, RLIN) | |
| Topical term or geographic name as entry element | HOUSING |
| 942 ## - ADDED ENTRY ELEMENTS (KOHA) | |
| Suppress in OPAC | 0 |
| Withdrawn status | Lost status | Source of classification or shelving scheme | Damaged status | Not for loan | Home library | Current library | Shelving location | Date acquired | Total Checkouts | Full call number | Barcode | Date last seen | Copy number | Price effective from | Koha item type |
|---|---|---|---|---|---|---|---|---|---|---|---|---|---|---|---|
| Dewey Decimal Classification | London | London | News article | 31/05/2000 | WB3621-04 | 106157-1001 | 06/08/2019 | 1 | 06/08/2019 | News article |